| 000 | 00643nam a2200193 4500 | ||
|---|---|---|---|
| 999 |
_c195917 _d195917 |
||
| 005 | 20230510141927.0 | ||
| 010 | _aENG-136813 | ||
| 020 |
_a9788183249577 _c1250.00 |
||
| 035 | _aEN-120345 | ||
| 037 | _bDBAD/PUB | ||
| 082 | _a305.40954 | ||
| 100 | _aBhowmick, Amit | ||
| 245 |
_aIndian Women: _bA March Towards Modernity/ _cBy Amit Bhowmick And Prabhat Kumar Singh |
||
| 260 |
_aNew Delhi _bMittal Publications _c2020 |
||
| 270 |
_a4594/9, Daryaganj _bNew Delhi _e110002 _minfo@mittalbooks.com _k23250398 _l91-11-41564398 |
||
| 300 |
_a358p _c22cm(hbk) |
||
| 700 | _aPrabhat Kumar Singh | ||
| 942 |
_2ddc _cEN _mBHO _h305.40954 |
||